| 000 | 00473nam a2200181 a 4500 | ||
|---|---|---|---|
| 001 | 1154 | ||
| 005 | 20140414131927.0 | ||
| 008 | 040111s19uu xx 00 eng d | ||
| 020 | _a0-7232-3469-8 | ||
| 050 |
_aER _bT14 1987 |
||
| 100 | _aPotter, Beatrix | ||
| 245 |
_aTale of the flopsy (The) / _cBeatrix Potter. |
||
| 260 |
_aLondon : _bPenguin Book, _c1987. |
||
| 300 | _a59 p. ; cm. | ||
| 650 |
_aBunnies _xFiction. |
||
| 650 | _aChildren stories. | ||
| 999 |
_c112102 _d112102 |
||